[Event "FRA-chT1 0910"]
[Site "France"]
[Date "2009.10.17"]
[Round "2.7"]
[White "Castejon, Nicolas"]
[Black "Jeannerot, Lea"]
[Result "0-1"]
[WhiteElo "2002"]
[BlackElo "2019"]
[PlyCount "110"]
[EventDate "2009.09.27"]
[EventType "team-tourn"]
[EventRounds "11"]
[EventCountry "FRA"]
[SourceTitle "EXT 2011"]
[Source "ChessBase"]
[SourceDate "2010.11.26"]
[SourceVersion "1"]
[SourceVersionDate "2010.11.26"]
[SourceQuality "1"]

1. d4 d5 2. Bf4 Nf6 3. e3 e6 4. Bd3 Nbd7 5. Nf3 c5 6. c3 Be7 7. h3 b6 8. 0-0 0-0 9. Nbd2 Bb7 10. Qe2 Ne4 11. Rad1 a6 12. Bb1 Qc8 13. Nxe4 dxe4 14. Ng5 Bxg5 15. Bxg5 f5 16. a3 a5 17. Ba2 Re8 18. Bc4 a4 19. Rd2 Ra5 20. Rfd1 Nf8 21. d5 exd5 22. Bxd5+ Bxd5 23. Rxd5 Ra8 24. Qc4 Qe6 25. Qb5 Ra5 26. Qe2 Ng6 27. Rd6 Qb3 28. Bd8 Ra8 29. Bxb6 c4 30. Bc5 Rab8 31. Bb4 Ne5 32. R1d4 Nd3 33. Qh5 Qxb2 34. Rd7 Qxf2+ 35. Kh2 Ne5 36. Kh1 Qe1+ 37. Kh2 Qxe3 38. Qxf5 Nxd7 39. Rxd7 Qh6 40. Qf7+ Kh8 41. Bd6 Rbc8 42. Bf4 Qf6 43. Be3 Qxf7 44. Rxf7 Rcd8 45. Kg1 Rd3 46. Bd4 e3 47. Rf1 e2 48. Re1 Rd2 49. Kf2 Ra2 50. Bc5 Kg8 51. g3 Kf7 52. Kf3 Re5 53. Be3 Rxa3 54. Rxe2 Rxc3 55. Kf4 Rexe3 0-1

[Event "FICGS class C 000001 email"]
[Site "FICGS email"]
[Date "2006.04.09"]
[Round "1"]
[White "Castejon, Nicolas"]
[Black "Tsenkov, Lyubomir"]
[Result "0-1"]
[WhiteElo "1920"]
[BlackElo "2133"]
[PlyCount "22"]
[EventDate "2006.??.??"]
[EventType "tourn (corr)"]
[EventRounds "1"]
[SourceTitle "Corr 2022"]
[Source "ChessBase"]
[SourceDate "2021.10.24"]
[SourceVersion "1"]
[SourceVersionDate "2021.10.24"]
[SourceQuality "1"]

1. Nc3 c5 2. d4 cxd4 3. Qxd4 Nc6 4. Qh4 d5 5. e4 d4 6. Nd5 Nf6 7. Nxf6+ exf6 8. a3 Bd6 9. Bd2 Qb6 10. 0-0-0 Be6 11. f4 Na5 0-1

[Event "FRA-ch op-B"]
[Site "Val d'Isere"]
[Date "2002.08.??"]
[Round "9.30"]
[White "Tarayre, Pascal"]
[Black "Castejon, Nicolas"]
[Result "1-0"]
[WhiteElo "1820"]
[BlackElo "1720"]
[PlyCount "51"]
[EventDate "2002.08.20"]
[EventType "swiss"]
[EventRounds "11"]
[EventCountry "FRA"]
[SourceTitle "EXT 2003"]
[Source "ChessBase"]
[SourceDate "2002.11.25"]
[SourceVersion "1"]
[SourceVersionDate "2002.11.25"]
[SourceQuality "1"]

1. e4 e5 2. f4 exf4 3. Nf3 g5 4. h4 g4 5. Ng5 d6 6. Bc4 Nh6 7. d4 Qe7 8. Nc3 c6 9. 0-0 f6 10. Bxf4 Rg8 11. Bxg8 Nxg8 12. e5 dxe5 13. dxe5 fxg5 14. Bxg5 Qc5+ 15. Kh1 Be7 16. Qd2 Nd7 17. Rad1 h6 18. e6 Ndf6 19. Ne4 Qe5 20. Nxf6+ Nxf6 21. Rxf6 hxg5 22. Rg6 Qh8 23. Qf2 Qxh4+ 24. Qxh4 gxh4 25. Rg8+ Bf8 26. Rf1 1-0